00378nam a2200133Ia 450000500170000000800410001702000180005808200250007610000170010124500670011826000330018530000160021865000100023420250311134113.0231217s9999 xx 000 0 und d a9788178815909 a378.071 NAT.2;2 R1 aNatarajan, R 0aTechnical education : current status and future directions V.2 c2005bICFAI PressaHyderabad axxviii, 229 aICFAI